Фразеологический словарь русского литературного языка

Dades bibliogràfiques
Altres autors: Федоров А. И. Александр Ильич (составитель)
Idioma:rus
Publicat: Москва, АСТ, 2001
Edició:Изд., стер.
Matèries:
Format: MixedMaterials Llibre
KOHA link:https://koha.lib.tpu.ru/cgi-bin/koha/opac-detail.pl?biblionumber=57855

MARC

LEADER 00000nam0a2200000 4500
001 57855
005 20231031054511.0
010 |a 523702405X 
035 |a (RuTPU)RU\TPU\book\61080 
090 |a 57855 
100 |a 20031118d2001 m y0rusy50 ca 
101 0 |a rus 
102 |a RU 
105 |a y e 001zy 
200 1 |a Фразеологический словарь русского литературного языка  |f сост. А. И. Федоров 
205 |a Изд., стер. 
210 |a Москва  |c АСТ  |c Астрель  |d 2001 
215 |a 720 с. 
318 |5 63413507  |a Правильно ли мы говорим по-русски?  |b выставка 
320 |a Список сокращений: с. 11 
610 1 |a русский язык 
610 1 |a лексика 
610 1 |a фразеология 
610 1 |a литературный язык 
610 1 |a словари 
610 1 |a фразеологические словари 
686 |a Ш142.1-4  |v LBC/SL-A  |2 rubbk 
702 1 |a Федоров  |b А. И.  |g Александр Ильич  |4 220 
801 1 |a RU  |b 63413507  |c 20031118  |g PSBO 
801 2 |a RU  |b 63413507  |c 20111205  |g PSBO 
942 |c BK